Records disaster preparedness at Zimbabwe Open University head office and the regional campus at old Post Office in Harare / (Record no. 172783)
[ view plain ]
| 000 -LEADER | |
|---|---|
| fixed length control field | 01350nam a2200277 4500 |
| 003 - CONTROL NUMBER IDENTIFIER | |
| control field | NUST |
| 005 - DATE AND TIME OF LATEST TRANSACTION | |
| control field | 20260424123907.0 |
| 008 - FIXED-LENGTH DATA ELEMENTS--GENERAL INFORMATION | |
| fixed length control field | 260424b |||||||| |||| 00| 0 eng d |
| 040 ## - CATALOGING SOURCE | |
| Original cataloging agency | NUST |
| Language of cataloging | eng |
| Transcribing agency | NUST |
| Modifying agency | NUST |
| Description conventions | rda |
| 050 ## - LIBRARY OF CONGRESS CALL NUMBER | |
| Classification number | Z672.4 HOV |
| 100 ## - MAIN ENTRY--PERSONAL NAME | |
| Personal name | Hove, Siyananisiwe. |
| Relator term | author. |
| 245 ## - TITLE STATEMENT | |
| Title | Records disaster preparedness at Zimbabwe Open University head office and the regional campus at old Post Office in Harare / |
| Statement of responsibility | by Siyananisiwe Hove. |
| 260 ## - PUBLICATION, DISTRIBUTION, ETC. | |
| Place of publication, distribution, etc. | Bulawayo, Zimbabwe : |
| Name of publisher, distributor, etc. | National University of Science and Technology , |
| Date of publication, distribution, etc. | ©2022. |
| 300 ## - PHYSICAL DESCRIPTION | |
| Extent | xiii, 75 pages : |
| Dimensions | 31 cm. |
| Other physical details | illustrations ; |
| 336 ## - CONTENT TYPE | |
| Source | rdacontent |
| Content type term | text |
| Content type code | txt |
| 337 ## - MEDIA TYPE | |
| Source | rdamedia |
| Media type term | unmediated |
| Media type code | n |
| 338 ## - CARRIER TYPE | |
| Source | rdacarrier |
| Carrier type term | volume |
| Carrier type code | nc |
| 500 ## - | |
| Typescript | A research project submitted to the National University of Science and Technology in partial fulfilment of the Master of Science degree in Records and Archives Management. |
| 501 ## - | |
| -- | (MSc in Records and Archives Management) National University of Science and Technology, 2022. |
| 504 ## - BIBLIOGRAPHY, ETC. NOTE | |
| Bibliography, etc. note | Includes bibliographical references. |
| 650 ## - SUBJECT ADDED ENTRY--TOPICAL TERM | |
| Topical term or geographic name entry element | Records management |
| General subdivision | Disaster preparedness |
| Geographic subdivision | Zimbabwe. |
| 650 ## - SUBJECT ADDED ENTRY--TOPICAL TERM | |
| Topical term or geographic name entry element | Archives |
| General subdivision | Risk management |
| Geographic subdivision | Zimbabwe. |
| 650 ## - SUBJECT ADDED ENTRY--TOPICAL TERM | |
| Topical term or geographic name entry element | Universities and colleges |
| General subdivision | Administration |
| Geographic subdivision | Zimbabwe. |
| 700 ## - ADDED ENTRY--PERSONAL NAME | |
| Personal name | Dr Mehluli Masuku. |
| Relator term | supervisor. |
| 942 ## - ADDED ENTRY ELEMENTS (KOHA) | |
| Source of classification or shelving scheme | Library of Congress Classification |
| Suppress in OPAC | No |
| Koha item type | 3-Hour Loan Material |
| Classification part | Z672.4 |
| Call number prefix | Z |
| Call number suffix | HOV |
| 999 ## - | |
| -- | 172783 |
| -- | 172783 |
| Withdrawn status | Lost status | Source of classification or shelving scheme | Damaged status | Not for loan | Collection | Home library | Current library | Shelving location | Date acquired | Total Checkouts | Full call number | Barcode | Date last seen | Accession number | Price effective from | Koha item type |
|---|---|---|---|---|---|---|---|---|---|---|---|---|---|---|---|---|
| LCC | NFIC | MAIN | MAIN | GEN | 04/24/2026 | Z672.4 HOV | 92004057194 | 04/24/2026 | SC25/1506 | 04/24/2026 | 3HOUR |